Adaptive Mechanisms for Layer-2 Blockchain Selection

Gespeichert in:
Bibliographische Detailangaben
1. Verfasser: Najajreh, Adam (Verfasst von)
Weitere Verfasser: Košťál, Kristián (Betreuung Doktorarbeit)
Format: Manuskript Buch
Sprache:Slowakisch
Englisch
Veröffentlicht: 2025
Schlagworte:
Online-Zugang:http://is.stuba.sk/zp/portal_zp.pl?podrobnosti=169007
Tags: Tag hinzufügen
Keine Tags, Fügen Sie das erste Tag hinzu!

MARC

LEADER 00000ntm a22000003a 4500
001 stuzp102926
003 SK-STU
005 20250614211828.0
007 ta
008 150427s2015----xo-----f-mn---000-0-slo-d
040 |a STU  |b slo 
041 0 |a eng 
100 1 |a Najajreh, Adam  |u 070400  |4 aut  |U FIIT Fakulta informatiky a informačných technológií  |T FIIT Ústav počítačového inžinierstva a aplikovanej informatiky  |X 116257  |U I400  |Y 672  |7 116257 
242 0 1 |a Adaptívne Mechanizmy pre Blockchain 2. Vrstvy  |y slo 
245 1 0 |a Adaptive Mechanisms for Layer-2 Blockchain Selection 
260 |c 2025 
650 4 |a layer 2  |2 eng 
650 4 |a selection framework  |2 eng 
650 4 |a blockchain  |2 eng 
650 4 |a scalability  |2 eng 
650 4 |a výberový rámec  |2 slo 
650 4 |a škálovateľnosť  |2 slo 
650 4 |a blockchain  |2 slo 
650 4 |a vrstva 2  |2 slo 
700 1 |a Košťál, Kristián  |u 070400  |k Z1  |4 ths  |U FIIT Fakulta informatiky a informačných technológií  |T FIIT Ústav počítačového inžinierstva a aplikovanej informatiky  |X 52559  |U I400  |Y 672  |7 52559 
856 4 |u http://is.stuba.sk/zp/portal_zp.pl?podrobnosti=169007